000 00616nam a2200205 a 4500
005 20240925065633.0
008 991125s1997 mx 000 0 spa u
020 _a9681838289
035 _aUPN01000008852
049 _aCG
050 4 _aHM63
_bP42
100 1 _aPeña, Ricardo de la
245 1 0 _aCómo acercarse a la sociología /
_cRicardo de la Peña y Rosario Toledo Laguardia.
260 _aMéxico :
_bCNCA :
_bGobierno del Estado de Quéretaro,
_c1997.
300 _a126 p.
440 0 _aCómo acercarse a
650 4 _aSociología
_95756
700 1 _aToledo Laguardia, Rosario,
_ecoaut.
905 _aLibro
999 _c8852
_d8852